1er et dernier mot de chaque lettre du dictionnaire - Statistiques

Statistiques générales
  • Ce quiz a été pris 29 fois
  • Le résultat moyen est 11 sur 52
Statistiques - réponses
Lettre Place Mot % Correct
B Premier Ba
89%
C Premier ÇA
89%
D Premier DA
89%
A Premier AA
81%
F Premier FA
81%
G Premier Ga
81%
H Premier HA
81%
L Premier LA
81%
K Premier KA
78%
N Premier NA
78%
P Premier Pa
78%
R Premier RA
67%
V Premier VA
56%
J Premier JAB
22%
U Premier UBAC
7%
E Premier EAGLE
4%
T Premier TAAL
4%
Z Dernier ZYTHUM
4%
A Dernier AZYME
0%
B Dernier BYZANTINOLOGIE
0%
C Dernier CZIMBALUM
0%
D Dernier DZODZET(ETTE)
0%
E Dernier EYRA
0%
F Dernier FUYARD
0%
G Dernier GYRUS
0%
H Dernier Hz
0%
I Premier IAKOUTE
0%
I Dernier IXODE
0%
J Dernier JUXTATROPICAL(E;AUX)
0%
K Dernier KYUDO
0%
L Dernier LYTIQUE
0%
M Premier MAALOUF
0%
M Dernier MZABITE
0%
N Dernier NYSTATINE
0%
O Premier OARISTYS
0%
O Dernier OZONOSPHÈRE
0%
P Dernier PYXIDE
0%
Q Premier QADDICH
0%
Q Dernier QWERTZ
0%
R Dernier RYTHMIQUEMENT
0%
S Premier SAAMI
0%
S Dernier SZLACHTA
0%
T Dernier TZIGANE
0%
U Dernier UZBEK
0%
V Dernier VUVUZELA
0%
W Premier WACAPOU
0%
W Dernier WYANDOTTE
0%
X Premier XALAM
0%
X Dernier XYSTE
0%
Y Premier YACHT
0%
Y Dernier YVERDONNOIS
0%
Z Premier ZABRE
0%
Aucun quiz correspondant
Distribution des résultats
% des personnes avec chaque résultat
Percentile par nombre de réponses
Votre historique - résultats
Vous n’avez pas pris ce quiz